Co lub kogo oprócz pociągów zobaczysz na dworcu kolejowym? - Statystyki

Ogólne statystyki
  • Ten quiz został rozwiązany 8 razy
  • Średni wynik to 2 z 6
Statystyki odpowiedzi
Hint Odpowiedź % Poprawnych
4. Konduktora
50%
2. Pasażerów
50%
3. Rozkład jazdy
38%
6. Bagaż
25%
1. Kasę
25%
5. Ławki
13%
Nie znaleziono quizów pasujących do podanych kryteriów
Rozkład punktacji
Procent ludzi z każdym wynikiem
Percentyl według liczby udzielonych odpowiedzi
Twoja historia wyników
Nie rozwiązałeś tego quizu